[Event "Kerkinitida Cup Blitz"]
[Site "Evpatoria"]
[Date "2023.09.03"]
[Round "10"]
[White "Jary, Sergey"]
[Black "Krepkiy, Igor"]
[Result "1-0"]
[WhiteElo "2233"]
[BlackElo "1582"]
[PlyCount "97"]
[EventDate "2023.09.03"]
[EventType "swiss (blitz)"]
[EventRounds "13"]
[EventCountry "UKR"]
[SourceTitle "EXT 2024"]
[Source "ChessBase"]
[SourceDate "2023.10.10"]
[SourceVersion "1"]
[SourceVersionDate "2023.10.10"]
[SourceQuality "1"]

1. d4 Nf6 2. Nf3 d5 3. g3 c5 4. Bg2 Nc6 5. 0-0 e6 6. dxc5 Bxc5 7. a3 0-0 8. b4 Be7 9. Nbd2 a6 10. c4 Qc7 11. Qb3 dxc4 12. Nxc4 b5 13. Ne3 Bb7 14. Bb2 Rfd8 15. Rac1 Qb6 16. h4 Rac8 17. Rfd1 a5 18. Rxd8+ Rxd8 19. Ne5 Nxe5 20. bxa5 Qxa5 21. Bxb7 Neg4 22. Nxg4 Nxg4 23. Bf3 Nf6 24. Qc3 Qxc3 25. Rxc3 h6 26. Rc7 Bd6 27. Rb7 Ra8 28. Rxb5 Rc8 29. a4 Rb8 30. Rxb8+ Bxb8 31. a5 Ba7 32. e3 Nd7 33. Bd4 Nc5 34. Kf1 f6 35. Bc6 Kf7 36. g4 Ke7 37. g5 e5 38. gxf6+ gxf6 39. Bc3 Kd6 40. Bf3 Nb3 41. Kg2 Nc5 42. Kg3 Ne6 43. Kg4 Ng7 44. Be4 h5+ 45. Kg3 f5 46. Bf3 e4 47. Bxg7 exf3 48. Bd4 Bxd4 49. exd4 1-0

[Event "Kerkinitida Cup Blitz"]
[Site "Evpatoria"]
[Date "2023.09.03"]
[Round "3"]
[White "Triapishko, Alexandr"]
[Black "Jary, Sergey"]
[Result "1-0"]
[WhiteElo "2499"]
[BlackElo "2233"]
[PlyCount "45"]
[EventDate "2023.09.03"]
[EventType "swiss (blitz)"]
[EventRounds "13"]
[EventCountry "UKR"]
[SourceTitle "EXT 2024"]
[Source "ChessBase"]
[SourceDate "2023.10.10"]
[SourceVersion "1"]
[SourceVersionDate "2023.10.10"]
[SourceQuality "1"]

1. c4 Nf6 2. Nc3 c5 3. Nf3 g6 4. d4 cxd4 5. Nxd4 Bg7 6. e4 0-0 7. Be2 Nc6 8. Be3 d6 9. 0-0 h5 10. f3 Be6 11. Qd2 Nxd4 12. Bxd4 Rc8 13. b3 a6 14. Rad1 Qc7 15. Kh1 h4 16. f4 h3 17. g3 Qc6 18. Bf3 Bg4 19. Bxf6 Bxf3+ 20. Rxf3 Bxf6 21. Nd5 Kg7 22. g4 g5 23. e5 1-0

[Event "Yalta Yialos blitz op"]
[Site "Yalta"]
[Date "2023.08.28"]
[Round "8"]
[White "Kryakvin, Dmitry"]
[Black "Jary, Sergey"]
[Result "1-0"]
[WhiteElo "2471"]
[BlackElo "2233"]
[PlyCount "119"]
[EventDate "2023.08.28"]
[EventType "swiss (blitz)"]
[EventRounds "13"]
[EventCountry "UKR"]
[SourceTitle "EXT 2024"]
[Source "ChessBase"]
[SourceDate "2023.10.10"]
[SourceVersion "1"]
[SourceVersionDate "2023.10.10"]
[SourceQuality "1"]

1. d4 Nf6 2. c4 g6 3. Nf3 Bg7 4. g3 0-0 5. Bg2 c6 6. 0-0 d5 7. cxd5 cxd5 8. Nc3 Ne4 9. Ne5 Nxc3 10. bxc3 Nc6 11. Nxc6 bxc6 12. Bf4 Ba6 13. Re1 f6 14. e4 e5 15. Be3 Bc4 16. dxe5 fxe5 17. Bc5 Re8 18. Bf1 Bxf1 19. Kxf1 Qa5 20. Bb4 Qb5+ 21. Qe2 a5 22. Ba3 d4 23. cxd4 exd4 24. Qxb5 cxb5 25. Rad1 Rac8 26. Rd2 Rc4 27. Bb2 g5 28. h3 Kf7 29. f4 gxf4 30. gxf4 Ke6 31. Kg2 Rec8 32. Red1 Rd8 33. Kf3 b4 34. f5+ Ke5 35. Rd3 a4 36. Bc1 Rc3 37. Bf4+ Kf6 38. Kg4 b3 39. e5+ Kf7 40. axb3 Rxd3 41. Rxd3 a3 42. b4 Ra8 43. Rd1 a2 44. Ra1 Bf8 45. Bd2 Ra4 46. Kf3 Bxb4 47. Bxb4 Rxb4 48. Rxa2 Rb3+ 49. Ke4 d3 50. Rd2 Rb4+ 51. Ke3 Rh4 52. Rxd3 Rxh3+ 53. Ke4 Rh1 54. Rd7+ Ke8 55. Ra7 h5 56. f6 Rf1 57. Kd5 Kf8 58. Ke6 Kg8 59. Ra8+ Kh7 60. f7 1-0

[Event "Alushta Blitz op"]
[Site "Alushta"]
[Date "2023.07.14"]
[Round "4"]
[White "Jary, Sergey"]
[Black "Afanasiev, Nikita"]
[Result "0-1"]
[WhiteElo "2233"]
[BlackElo "2543"]
[PlyCount "148"]
[EventDate "2023.07.14"]
[EventType "swiss (blitz)"]
[EventRounds "13"]
[EventCountry "UKR"]
[SourceTitle "CBM 215 Extra"]
[Source "ChessBase"]
[SourceDate "2023.09.30"]
[SourceVersion "1"]
[SourceVersionDate "2023.09.30"]
[SourceQuality "1"]

1. Nf3 g6 2. g3 Bg7 3. d4 Nf6 4. Bg2 c5 5. c3 0-0 6. 0-0 Qb6 7. Nbd2 cxd4 8. cxd4 d5 9. Qb3 Nc6 10. Qxb6 axb6 11. Nb3 Ne4 12. Bf4 Bg4 13. h3 Bxf3 14. exf3 Nf6 15. Be5 e6 16. f4 Ra4 17. Rfd1 Rfa8 18. a3 Ne8 19. Bxg7 Kxg7 20. Bf1 Nd6 21. Rac1 h5 22. Kg2 Kf6 23. Rc3 Ke7 24. g4 h4 25. f3 b5 26. Nc5 Rxd4 27. Rxd4 Nxd4 28. Kf2 b6 29. Nb3 b4 30. axb4 Nxb3 31. Rxb3 Ra2 32. Ke3 Ra1 33. Kf2 Nc4 34. Bxc4 dxc4 35. Rc3 b5 36. Ke3 Rb1 37. Rc2 Ra1 38. Kd4 Kd6 39. Rd2 Re1 40. b3 cxb3 41. Kc3+ Kc6 42. Rd3 Rh1 43. Kxb3 Rxh3 44. Kc3 Rh1 45. Kd4 Kd6 46. Ke4+ Ke7 47. f5 exf5+ 48. gxf5 g5 49. Kd5 Kf6 50. Kc5 Kxf5 51. Kxb5 Kf4 52. Rb3 h3 53. Kb6 Rd1 54. Rb2 Kxf3 55. b5 g4 56. Kc7 Rc1+ 57. Kd7 Rd1+ 58. Kc7 Ra1 59. b6 Ra8 60. b7 Re8 61. Rd2 g3 62. Rd3+ Kg4 63. Rd4+ Kg5 64. Rd8 Re7+ 65. Rd7 Re8 66. Rd8 Rxd8 67. Kxd8 g2 68. b8Q g1Q 69. Qe5+ Kh4 70. Qh8+ Kg3 71. Qe5+ Kg2 72. Qe4+ Kh2 73. Qf4+ Qg3 74. Qd2+ Kh1 0-1

[Event "Alushta Blitz op"]
[Site "Alushta"]
[Date "2023.07.14"]
[Round "2"]
[White "Jary, Sergey"]
[Black "Bogdanovich, Konstantin"]
[Result "1-0"]
[WhiteElo "2233"]
[BlackElo "1160"]
[PlyCount "97"]
[EventDate "2023.07.14"]
[EventType "swiss (blitz)"]
[EventRounds "13"]
[EventCountry "UKR"]
[SourceTitle "CBM 215 Extra"]
[Source "ChessBase"]
[SourceDate "2023.09.30"]
[SourceVersion "1"]
[SourceVersionDate "2023.09.30"]
[SourceQuality "1"]

1. d4 Nf6 2. g3 g6 3. Bg2 Bg7 4. e4 d6 5. Ne2 0-0 6. 0-0 e5 7. d5 a5 8. c4 Na6 9. Nbc3 Nc5 10. h3 Nh5 11. g4 Nf4 12. Nxf4 exf4 13. Bxf4 f5 14. exf5 gxf5 15. g5 Ne4 16. Nxe4 fxe4 17. Be3 Bxb2 18. Rb1 Be5 19. Qh5 Bf5 20. Rxb7 Qc8 21. Rfb1 Bg6 22. Qh4 Rf7 23. Qg4 Bf5 24. Qh4 Bg6 25. Qg4 Bf5 26. Qh4 Bg6 27. Kf1 Qf5 28. Rb8+ Rxb8 29. Rxb8+ Rf8 30. Rxf8+ Qxf8 31. Bxe4 Qb8 32. Bxg6 hxg6 33. Qe4 Kf7 34. f4 Bc3 35. Qc2 Bg7 36. f5 Qc8 37. fxg6+ Kg8 38. Kg2 Qe8 39. Bf4 Qf8 40. Qe4 Qb8 41. Kf3 Qc8 42. Qe6+ Qxe6 43. dxe6 Kf8 44. Ke4 Ke7 45. Kf5 a4 46. h4 c6 47. h5 d5 48. h6 Bc3 49. g7 1-0

[Event "Alushta Blitz op"]
[Site "Alushta"]
[Date "2023.07.14"]
[Round "7"]
[White "Jary, Sergey"]
[Black "Iljin, Timofey"]
[Result "0-1"]
[WhiteElo "2233"]
[BlackElo "2322"]
[PlyCount "156"]
[EventDate "2023.07.14"]
[EventType "swiss (blitz)"]
[EventRounds "13"]
[EventCountry "UKR"]
[SourceTitle "CBM 215 Extra"]
[Source "ChessBase"]
[SourceDate "2023.09.30"]
[SourceVersion "1"]
[SourceVersionDate "2023.09.30"]
[SourceQuality "1"]

1. e4 d5 2. exd5 Nf6 3. d4 Bg4 4. Be2 Bxe2 5. Nxe2 Qxd5 6. 0-0 Nc6 7. c4 Qxc4 8. b3 Qd5 9. Nbc3 Qh5 10. Be3 e6 11. Rc1 Bd6 12. Ng3 Qxd1 13. Rfxd1 a6 14. d5 exd5 15. Nxd5 Nxd5 16. Rxd5 0-0-0 17. Rcd1 Bxg3 18. hxg3 Rxd5 19. Rxd5 Rd8 20. Rf5 f6 21. g4 Ne7 22. Rc5 Nd5 23. Bd2 b6 24. Rc2 Kb7 25. Kf1 Re8 26. g5 fxg5 27. Bxg5 c5 28. Rc4 Kc6 29. Rg4 b5 30. Bd2 g6 31. g3 Re5 32. a4 Nf6 33. Rh4 Re4 34. axb5+ axb5 35. Rh6 c4 36. bxc4 bxc4 37. Bg5 Nd5 38. Rxh7 Re5 39. Bc1 c3 40. Rg7 Re6 41. Kg2 Nb4 42. Bf4 Nd5 43. Bc1 Nb4 44. Bf4 Nd5 45. Bc1 Kc5 46. Kf3 Kc4 47. Kg4 Nf6+ 48. Kf3 Ne4 49. Rc7+ Kd3 50. Rd7+ Kc2 51. Be3 Nd2+ 52. Kf4 Nc4 53. Bd4 Nd6 54. f3 Nb5 55. Be5 Rc6 56. Kg5 Rc5 57. Kf4 Kb3 58. Rd3 Kc4 59. Rd1 c2 60. Re1 Kd3 61. Bb2 Kd2 62. Rh1 Rc4+ 63. Kg5 Rc6 64. f4 Kd3 65. g4 Nd4 66. Bc1 Nf3+ 67. Kh6 g5+ 68. Kh5 Rc8 69. Rf1 Ke2 70. Rxf3 Kxf3 71. fxg5 Rh8+ 72. Kg6 Kxg4 73. Kf6 Rf8+ 74. Kg7 Rf1 75. Be3 Re1 76. Bd2 Re6 77. Kf7 Kf5 78. Bc1 Rg6 0-1

[Event "Alushta Rapid op"]
[Site "Alushta"]
[Date "2022.07.04"]
[Round "5"]
[White "Jary, Sergey"]
[Black "Korotaev, Yaroslav"]
[Result "1/2-1/2"]
[WhiteElo "2275"]
[BlackElo "1881"]
[PlyCount "60"]
[EventDate "2022.07.03"]
[EventType "swiss (rapid)"]
[EventRounds "11"]
[EventCountry "UKR"]
[SourceTitle "CBM 209 Extra"]
[Source "ChessBase"]
[SourceDate "2022.09.30"]
[SourceVersion "1"]
[SourceVersionDate "2022.09.30"]
[SourceQuality "1"]

1. d4 Nf6 2. g3 e6 3. Bg2 c5 4. Nf3 cxd4 5. 0-0 Nc6 6. Nxd4 Be7 7. c4 0-0 8. Nc3 Nxd4 9. Qxd4 d6 10. Rd1 a6 11. b4 Qc7 12. Bb2 Bd7 13. Rac1 Bc6 14. Nd5 Bxd5 15. cxd5 Qd7 16. dxe6 fxe6 17. Qb6 Rab8 18. Qc7 Rfd8 19. a4 Bf8 20. Bh3 Kf7 21. Rd3 Qxc7 22. Rxc7+ Rd7 23. Rdc3 Rbd8 24. Rxd7+ Rxd7 25. Rc8 Be7 26. Bg2 d5 27. Bc3 Rd8 28. Rc7 Rd7 29. Rxd7 Nxd7 30. e4 d4 1/2-1/2

[Event "Alushta Blitz op"]
[Site "Alushta"]
[Date "2022.07.02"]
[Round "10"]
[White "Jary, Sergey"]
[Black "Gochelashvili, David"]
[Result "1/2-1/2"]
[WhiteElo "2275"]
[BlackElo "2324"]
[PlyCount "97"]
[EventDate "2022.07.02"]
[EventType "swiss (blitz)"]
[EventRounds "13"]
[EventCountry "UKR"]
[SourceTitle "CBM 209 Extra"]
[Source "ChessBase"]
[SourceDate "2022.09.30"]
[SourceVersion "1"]
[SourceVersionDate "2022.09.30"]
[SourceQuality "1"]

1. d4 Nf6 2. Nf3 g6 3. g3 Bg7 4. Bg2 0-0 5. 0-0 d6 6. c4 c6 7. Nc3 Qa5 8. Bg5 Re8 9. a3 e5 10. b4 Qc7 11. dxe5 dxe5 12. Nd2 Nbd7 13. Qc2 Nf8 14. Rad1 Bf5 15. Nde4 Nxe4 16. Bxe4 Bh3 17. Rfe1 Ne6 18. Qc1 Nxg5 19. Qxg5 f5 20. Qh4 Bg4 21. f3 fxe4 22. fxg4 e3 23. g5 Rad8 24. Qe4 Qf7 25. Rf1 Qe6 26. Qxe3 Qxc4 27. Rxd8 Rxd8 28. Ne4 Rd4 29. Nf6+ Bxf6 30. gxf6 Rd7 31. Qxe5 Qd4+ 32. Qxd4 Rxd4 33. Rf3 Kf7 34. h4 Rd6 35. Kg2 Rxf6 36. Rd3 Ke7 37. Rd4 b6 38. e3 Rd6 39. Rc4 Kd7 40. Kf3 Rd3 41. a4 Ra3 42. Rd4+ Ke6 43. Re4+ Kd6 44. Rd4+ Ke6 45. Re4+ Kd6 46. Rd4+ Ke7 47. Re4+ Kd7 48. Rd4+ Ke6 49. Re4+ 1/2-1/2

[Event "Alushta Blitz op"]
[Site "Alushta"]
[Date "2022.07.02"]
[Round "12"]
[White "Jary, Sergey"]
[Black "Triapishko, Alexandr"]
[Result "0-1"]
[WhiteElo "2275"]
[BlackElo "2506"]
[PlyCount "151"]
[EventDate "2022.07.02"]
[EventType "swiss (blitz)"]
[EventRounds "13"]
[EventCountry "UKR"]
[SourceTitle "CBM 209 Extra"]
[Source "ChessBase"]
[SourceDate "2022.09.30"]
[SourceVersion "1"]
[SourceVersionDate "2022.09.30"]
[SourceQuality "1"]

1. Nf3 d6 2. d4 Nf6 3. g3 g6 4. Bg2 Bg7 5. 0-0 0-0 6. c4 Bf5 7. Nc3 Ne4 8. Ne1 Nxc3 9. bxc3 Nc6 10. Nd3 Na5 11. e4 Bd7 12. c5 b6 13. cxd6 cxd6 14. Bf4 Rc8 15. Rc1 Bb5 16. Re1 Nc4 17. e5 dxe5 18. Nxe5 Nxe5 19. Bxe5 e6 20. d5 exd5 21. Bxg7 Kxg7 22. Qxd5 Qxd5 23. Bxd5 Rc7 24. Re3 Rfc8 25. Bb3 Bc4 26. f4 Rc5 27. Kf2 Rb5 28. Bxc4 Rxc4 29. Rc2 Rc7 30. Re4 Ra5 31. a4 Rac5 32. c4 Ra5 33. Ra2 Rd7 34. Ke2 h5 35. h4 Kf6 36. Re3 Rd4 37. Rc3 Rc5 38. Rac2 Kf5 39. Ke3 Rd7 40. Kf3 Rdc7 41. Rc1 R5c6 42. R1c2 Kf6 43. Rc1 Rc5 44. R1c2 Ra5 45. Ra3 Rd7 46. Ke2 Rd4 47. Ke3 Rd1 48. Ke2 Rb1 49. Kd3 Kf5 50. Re2 Kg4 51. Kc2 Rb4 52. Re7 Rbxa4 53. Rxa4 Rxa4 54. Kb3 Ra5 55. Rxf7 Kxg3 56. Rg7 Kxh4 57. Rxg6 Rf5 58. Rg7 Rxf4 59. Rxa7 Rf6 60. Rg7 Kh3 61. Kc3 Rd6 62. Rg5 h4 63. Kc2 Rd4 64. Kc3 Rg4 65. Rb5 Rg6 66. Rb1 Kg2 67. Rb2+ Kf3 68. Rh2 Kg3 69. Rh1 Rc6 70. Kd3 h3 71. Rg1+ Kf2 72. Rh1 Kg2 73. Rb1 h2 74. Rb2+ Kg3 75. Kd4 h1Q 76. Ra2 0-1

[Event "Alushta Blitz op"]
[Site "Alushta"]
[Date "2022.07.02"]
[Round "13"]
[White "Vastrukhin, Oleg"]
[Black "Jary, Sergey"]
[Result "1/2-1/2"]
[WhiteElo "2367"]
[BlackElo "2275"]
[PlyCount "147"]
[EventDate "2022.07.02"]
[EventType "swiss (blitz)"]
[EventRounds "13"]
[EventCountry "UKR"]
[SourceTitle "CBM 209 Extra"]
[Source "ChessBase"]
[SourceDate "2022.09.30"]
[SourceVersion "1"]
[SourceVersionDate "2022.09.30"]
[SourceQuality "1"]

1. Nf3 g6 2. d4 Bg7 3. e4 d6 4. Nc3 Bg4 5. Be3 c6 6. Qd2 Nd7 7. 0-0-0 Qa5 8. Bc4 e6 9. h3 Bxf3 10. gxf3 0-0-0 11. Bb3 d5 12. Kb1 Qb6 13. Na4 Qa6 14. h4 h5 15. Bg5 Re8 16. Qc3 b5 17. Nc5 Nxc5 18. Qxc5 Qb6 19. a4 Qxc5 20. dxc5 a6 21. c3 Nf6 22. Rhe1 Nd7 23. axb5 axb5 24. Be3 Bf6 25. Bd4 Kc7 26. Kc2 Rhg8 27. Rh1 Ra8 28. Rde1 Rge8 29. Kd2 Be7 30. exd5 exd5 31. Rxe7 Rxe7 32. f4 f5 33. Rg1 Re6 34. f3 Rae8 35. Bd1 Ra8 36. Bc2 Ra2 37. Rb1 Nf8 38. Bd3 Nd7 39. Kc2 Ra8 40. Rg1 Kb7 41. Kb3 Rae8 42. Kb4 Ra8 43. b3 Nb8 44. c4 Na6+ 45. Kc3 b4+ 46. Kb2 Nc7 47. Be5 Rae8 48. cxd5 Nxd5 49. Bc4 Rd8 50. Ra1 Ra8 51. Rd1 Rd8 52. Ra1 Ra8 53. Ra4 Ree8 54. Bxd5 Rxa4 55. bxa4 cxd5 56. Kb3 Kc6 57. Kxb4 Ra8 58. a5 Ra6 59. Bd4 Ra8 60. Be5 Ra6 61. Bd4 Ra7 62. Be5 Rb7+ 63. Ka4 Kxc5 64. a6 Rb4+ 65. Ka5 Rb5+ 66. Ka4 Rb4+ 67. Ka5 Rb5+ 68. Ka4 Kb6 69. a7 Ra5+ 70. Kb4 Rb5+ 71. Ka4 Ra5+ 72. Kb4 Rb5+ 73. Ka4 Ra5+ 74. Kb4 1/2-1/2

[Event "Titled Tuesday intern op 29th Mar Late"]
[Site "Chess.com INT"]
[Date "2022.03.29"]
[Round "8"]
[White "Demchenko, Anton"]
[Black "Jary, Sergey"]
[Result "0-1"]
[WhiteElo "2654"]
[BlackElo "2275"]
[PlyCount "90"]
[EventDate "2022.03.29"]
[EventType "swiss (blitz)"]
[EventRounds "11"]
[EventCountry "USA"]
[SourceTitle "CBM 207 Extra"]
[Source "ChessBase"]
[SourceDate "2022.05.31"]
[SourceVersion "1"]
[SourceVersionDate "2022.05.31"]
[SourceQuality "1"]

1. e4 c5 2. Nf3 Nc6 3. Bb5 Qc7 4. 0-0 a6 5. Bxc6 Qxc6 6. d4 cxd4 7. Nxd4 Qc7 8. c4 Qxc4 9. Nc3 e6 10. Bf4 d6 11. Rc1 Qb4 12. a3 Qb6 13. Be3 Qa5 14. b4 Qd8 15. Ncb5 axb5 16. Nxb5 Bd7 17. Nc7+ Ke7 18. e5 f5 19. Bg5+ Nf6 20. Nxa8 Qxa8 21. exf6+ gxf6 22. Bh4 Bg7 23. Qd3 Rc8 24. Rfd1 d5 25. Qg3 Kf7 26. Rc7 Rxc7 27. Qxc7 Qa4 28. Rc1 d4 29. Qd6 e5 30. h3 Bc6 31. Qc5 h6 32. Qc4+ Kg6 33. Qd3 Qb5 34. Qg3+ Kh7 35. Rc5 Qb6 36. Qb3 Bd7 37. Qf7 Qe6 38. Qxe6 Bxe6 39. Rc1 e4 40. a4 d3 41. Rd1 Bb3 42. Rd2 Bxa4 43. Bg3 Bb5 44. Bf4 h5 45. h4 Bh6 0-1

[Event "Titled Tuesday intern op 29th Mar Late"]
[Site "Chess.com INT"]
[Date "2022.03.29"]
[Round "4"]
[White "Jary, Sergey"]
[Black "Fedoseev, Vladimir1111"]
[Result "1/2-1/2"]
[WhiteElo "2275"]
[BlackElo "2704"]
[PlyCount "93"]
[EventDate "2022.03.29"]
[EventType "swiss (blitz)"]
[EventRounds "11"]
[EventCountry "USA"]
[SourceTitle "CBM 207 Extra"]
[Source "ChessBase"]
[SourceDate "2022.05.31"]
[SourceVersion "1"]
[SourceVersionDate "2022.05.31"]
[SourceQuality "1"]

1. e4 c5 2. Nf3 d6 3. d4 cxd4 4. Nxd4 Nf6 5. f3 e5 6. Bb5+ Nbd7 7. Nf5 a6 8. Bxd7+ Qxd7 9. Nc3 Qc6 10. Bg5 Bxf5 11. exf5 Be7 12. Qd2 Qd7 13. Bxf6 Bxf6 14. Nd5 Bd8 15. 0-0-0 Qxf5 16. Kb1 0-0 17. Ne3 Qf4 18. Qd3 Rc8 19. g3 Qxf3 20. Rhf1 Qc6 21. h4 g6 22. Nd5 f5 23. h5 Qc4 24. Qd2 g5 25. b3 Qc6 26. h6 Rf7 27. c4 b5 28. Rc1 bxc4 29. Rxc4 Qb7 30. Rfc1 Rxc4 31. Rxc4 Qd7 32. Rb4 f4 33. Rb8 Kf8 34. gxf4 gxf4 35. Qg2 f3 36. Qf2 Ke8 37. Qh4 f2 38. Nf6+ Rxf6 39. Qxf6 Qc7 40. Qh8+ Kd7 41. Qxh7+ Ke6 42. Qxc7 f1Q+ 43. Qc1 Qd3+ 44. Qc2 Qf1+ 45. Qc1 Qd3+ 46. Qc2 Qf1+ 47. Qc1 1/2-1/2

[Event "Titled Tuesday intern op 29th Mar Early"]
[Site "Chess.com INT"]
[Date "2022.03.29"]
[Round "11"]
[White "Jary, Sergey"]
[Black "Postnikov, Daniil"]
[Result "1-0"]
[WhiteElo "2275"]
[BlackElo "2360"]
[PlyCount "49"]
[EventDate "2022.03.29"]
[EventType "swiss (blitz)"]
[EventRounds "11"]
[EventCountry "USA"]
[SourceTitle "CBM 207 Extra"]
[Source "ChessBase"]
[SourceDate "2022.05.31"]
[SourceVersion "1"]
[SourceVersionDate "2022.05.31"]
[SourceQuality "1"]

1. e4 e6 2. d4 d5 3. Nd2 c5 4. Ngf3 cxd4 5. exd5 Qxd5 6. Bc4 Qd6 7. 0-0 Nf6 8. Nb3 Nc6 9. Nbxd4 Nxd4 10. Nxd4 a6 11. Bb3 Qc7 12. Re1 Bd6 13. h3 0-0 14. Bg5 Bd7 15. Bxf6 gxf6 16. c3 Kh8 17. Qf3 f5 18. Rad1 Rg8 19. Kf1 Rg6 20. Qd3 Rag8 21. Nf3 Bc5 22. Ne5 Bc6 23. Nxg6+ hxg6 24. Qg3 Kg7 25. Qxc7 1-0

[Event "Titled Tuesday intern op 29th Mar Early"]
[Site "Chess.com INT"]
[Date "2022.03.29"]
[Round "10"]
[White "Jary, Sergey"]
[Black "Tan, Jun Ying"]
[Result "1-0"]
[WhiteElo "2275"]
[BlackElo "2151"]
[PlyCount "75"]
[EventDate "2022.03.29"]
[EventType "swiss (blitz)"]
[EventRounds "11"]
[EventCountry "USA"]
[SourceTitle "CBM 207 Extra"]
[Source "ChessBase"]
[SourceDate "2022.05.31"]
[SourceVersion "1"]
[SourceVersionDate "2022.05.31"]
[SourceQuality "1"]

1. e4 c5 2. Nf3 Nc6 3. d4 cxd4 4. Nxd4 Nf6 5. Nc3 d6 6. Be3 Ng4 7. Bb5 Nxe3 8. fxe3 Bd7 9. Bxc6 bxc6 10. 0-0 e6 11. e5 d5 12. Qf3 Qe7 13. b4 g6 14. b5 c5 15. e4 cxd4 16. exd5 Qc5 17. Qxf7+ Kd8 18. Qf6+ Kc7 19. d6+ Bxd6 20. exd6+ Qxd6 21. Rad1 Qc5 22. Ne4 Qxb5 23. Qxd4 Qd5 24. Qe3 Qc6 25. Nf6 Rhd8 26. Qe5+ Kc8 27. Nxd7 Rxd7 28. Rf8+ Kb7 29. Rb1+ Ka6 30. Qe2+ Ka5 31. Rxa8 Qc5+ 32. Kh1 Rd4 33. Rab8 a6 34. R8b3 Rc4 35. Qd2+ Ka4 36. c3 e5 37. Qd1 Ka5 38. Rb4 1-0

[Event "Titled Tuesday intern op 29th Mar Early"]
[Site "Chess.com INT"]
[Date "2022.03.29"]
[Round "2"]
[White "Li, Hui"]
[Black "Jary, Sergey"]
[Result "1-0"]
[WhiteElo "1967"]
[BlackElo "2275"]
[PlyCount "165"]
[EventDate "2022.03.29"]
[EventType "swiss (blitz)"]
[EventRounds "11"]
[EventCountry "USA"]
[SourceTitle "CBM 207 Extra"]
[Source "ChessBase"]
[SourceDate "2022.05.31"]
[SourceVersion "1"]
[SourceVersionDate "2022.05.31"]
[SourceQuality "1"]

1. e4 c5 2. Nf3 Nc6 3. d4 cxd4 4. Nxd4 g6 5. Nc3 Nf6 6. Nxc6 bxc6 7. e5 Ng8 8. Bc4 Bg7 9. Qf3 e6 10. Bf4 Ne7 11. 0-0 0-0 12. Ne4 Nd5 13. Bg5 f6 14. exf6 Nxf6 15. Nxf6+ Bxf6 16. Bxf6 Qxf6 17. Qxf6 Rxf6 18. f4 d5 19. Bd3 a5 20. c3 Kf7 21. g3 Ke7 22. b3 c5 23. a3 Rf8 24. b4 Bd7 25. Rfb1 c4 26. Bc2 Kd6 27. b5 Rfe8 28. a4 e5 29. fxe5+ Rxe5 30. Re1 Rxe1+ 31. Rxe1 Rf8 32. Rf1 Re8 33. Kf2 Bg4 34. Re1 Rf8+ 35. Ke3 Rf3+ 36. Kd2 Rf2+ 37. Kc1 Rxh2 38. Rf1 Ke5 39. Re1+ Re2 40. Rxe2+ Bxe2 41. Kd2 Bg4 42. Ke3 Bd7 43. Bd1 g5 44. Bh5 h6 45. Bg6 Be6 46. Be8 Bg4 47. Bc6 Bd1 48. b6 Kd6 49. b7 Kc7 50. Bxd5 Bxa4 51. Bxc4 Bc6 52. Kd4 Kxb7 53. Kc5 Kc7 54. g4 Bd7 55. Be2 a4 56. Kb4 Kd6 57. c4 Kc7 58. c5 Bc6 59. Bd1 Bd7 60. Be2 Kd8 61. Bd1 Ke7 62. Ka5 a3 63. Bb3 Be6 64. Kb4 Bxb3 65. Kxb3 Ke6 66. Kxa3 Kd5 67. Kb4 Kc6 68. Kc4 Kc7 69. Kd5 Kd7 70. c6+ Kc7 71. Kc5 Kc8 72. Kd6 Kd8 73. Ke6 Kc7 74. Kf5 Kxc6 75. Kg6 Kd6 76. Kxh6 Ke7 77. Kxg5 Kf7 78. Kh6 Kf8 79. Kh7 Kf7 80. g5 Kf8 81. g6 Ke7 82. g7 Kf6 83. g8Q 1-0

[Event "Titled Tuesday intern op 22 Mar Late"]
[Site "Chess.com INT"]
[Date "2022.03.22"]
[Round "11"]
[White "Jary, Sergey"]
[Black "Altman, Joshua"]
[Result "1-0"]
[WhiteElo "2275"]
[BlackElo "2095"]
[PlyCount "85"]
[EventDate "2022.03.22"]
[EventType "swiss (blitz)"]
[EventRounds "11"]
[EventCountry "USA"]
[SourceTitle "CBM 207 Extra"]
[Source "ChessBase"]
[SourceDate "2022.05.31"]
[SourceVersion "1"]
[SourceVersionDate "2022.05.31"]
[SourceQuality "1"]

1. e4 e6 2. d4 d5 3. Nd2 Nf6 4. e5 Nfd7 5. c3 c5 6. Bd3 Nc6 7. Ndf3 Qb6 8. Ne2 cxd4 9. cxd4 f6 10. exf6 Nxf6 11. 0-0 Bd6 12. Bf4 Bxf4 13. Nxf4 Qxb2 14. Re1 0-0 15. a4 Qb6 16. g3 Bd7 17. Qd2 Rae8 18. Rab1 Qc7 19. Qc2 Qd6 20. Rxb7 Nb4 21. Qb1 Nxd3 22. Nxd3 Bxa4 23. Rxa7 Bd7 24. Nfe5 Rb8 25. Qc2 Rfc8 26. Nc5 Be8 27. Rea1 Ne4 28. Ned3 Bg6 29. Qe2 Re8 30. Nxe4 Bxe4 31. Nc5 Bf5 32. Rd7 Qf8 33. Raa7 Bh3 34. f4 Rb1+ 35. Kf2 Reb8 36. Rxg7+ Qxg7 37. Rxg7+ Kxg7 38. Qe5+ Kg8 39. Qg5+ Kh8 40. g4 Bf1 41. Nxe6 R1b7 42. Qe5+ Kg8 43. Kxf1 1-0